000 00240nam a2200097Ia 4500
001 660722
005 20250826160119.0
008 250824s9999 xx 000 0 und d
245 0 _a2 Öf Berbat Kokuyor
_cR. L. Stine
260 _bBEYAZ BALİNA
999 _c660722
_d660722